[Event "ANGOULEME"]
[Site "www.echecsemail.com"]
[Date "2026.01.24"]
[Round "1"]
[White "4x4"]
[Black "Petitlulu64"]
[WhiteElo "1450"]
[BlackElo "1690"]
[Result "0-1"]
1.e4 e5
2.Ng1f3 Ng8f6
3.Nf3xe5 d6
4.Ne5f3 Nf6xe4
5.d3 Ne4f6
6.Bc1g5 Bf8e7
7.Bf1e2 Bc8d7
8.Nb1c3 O-O
9.Qd1d2 Bd7c6
10.O-O-O Nb8d7
11.Nf3h4 h6
12.Bg5xh6 Nf6h7
13.Nh4f5 Be7f6
14.Bh6xg7 Bf6xg7
15.Nf5xg7 Kxg7
16.f3 Nd7f6
17.Nc3e4 Rf8e8
18.Ne4xf6 Qd8xf6
19.Rh1e1 Bc6d5
20.c4 Bd5c6
21.Qd2c3 Qf6xc3
22.bxc3 Bc6a4
23.Rd1d2 Re8e6
24.Rd2b2 Ra8e8
25.Rb2d2 Nh7f6
26.d4 Nf6h5
27.g3 Re6e3
28.Kb2 Kh6
29.Ka3 Ba4d7
30.g4 Nh5f4
31.Rd2d1 Nf4g2
32.Re1g1 Re3xe2
33.h4 Re2c2
34.Rd1d3 Re8e2
35.c5 Rc2xa2
36.Kb3 b5
37.c4 Re2b2
38.Kc3 b4
0-1

[Event "Coupe Niveau 2"]
[Site "www.echecsemail.com"]
[Date "2026.01.24"]
[Round "1"]
[White "Patau"]
[Black "Woluwe1975"]
[WhiteElo "1700"]
[BlackElo "1630"]
[Result "1-0"]
1.e4 d6
2.d4 Ng8f6
3.Nb1c3 g6
4.f3 Bf8g7
5.Bc1e3 O-O
6.Bf1c4 e5
7.dxe5 dxe5
8.Ng1e2 c6
9.O-O Qd8c7
10.Qd1e1 Nb8d7
11.Ra1d1 Rf8e8
12.Qe1d2 Nd7b6
13.Bc4b3 Bc8e6
14.Be3h6 Ra8d8
15.Qd2e3 Rd8xd1
16.Nc3xd1 Nf6d7
17.Bh6xg7 Kxg7
18.Bb3xe6 Re8xe6
19.b3 f6
20.Ne2g3 Qc7d8
21.Nd1c3 Qd8f8
22.Rf1d1 f5
23.exf5 gxf5
24.Qe3g5 Kh8
25.Qg5xf5 Qf8c5
26.Kh1 Re6f6
27.Nc3e4 Rf6xf5
28.Ne4xc5 Rf5f7
29.Nc5xd7 Nb6xd7
30.Ng3e4 b6
31.b4 a6
32.Rd1d6 c5
33.bxc5 bxc5
34.Rd6xa6 Kg7
35.Ra6c6 Rf7e7
36.Ne4xc5 { abandon }1-0

[Event "La Diagonale du fou 9"]
[Site "www.echecsemail.com"]
[Date "2026.01.24"]
[Round "1"]
[White "Foxie519"]
[Black "Dameroi"]
[WhiteElo "1710"]
[BlackElo "1850"]
[Result "0-1"]
1.e4 e5
2.d3 Bf8c5
3.Ng1f3 d6
4.h3 Bc8e6
5.g3 Ng8f6
6.Bf1g2 a6
7.O-O Bc5a7
8.g4 Nb8d7
9.Nf3h2 O-O
10.Kh1 Rf8e8
11.f3 Nd7f8
12.Bc1g5 Nf8g6
13.Nb1d2 h6
14.Bg5xf6 Qd8xf6
15.c4 Ng6f4
16.Nd2b3 Qf6h4
17.Qd1d2 Nf4xh3
18.Bg2xh3 Qh4xh3
19.Qd2g2 Qh3xg2
20.Kxg2 Ra8b8
21.Kg3 g5
22.Rf1h1 Kg7
23.Nh2f1 Re8h8
24.Nf1d2 Ba7e3
25.Kg2 b6
26.Ra1e1 Be3f4
27.Nd2b1 f6
28.Nb3d2 Be6f7
29.b3 Rh8h7
30.Rh1h3 Rb8h8
31.Re1h1 h5
32.Nd2f1 hxg4
33.fxg4 Bf7e6
34.Rh3xh7 Rh8xh7
35.Rh1xh7 Kxh7
36.Kf3 Kg6
37.Nf1g3 Bf4xg3
38.Kxg3 c6
39.Nb1c3 Kf7
40.a4 Be6c8
41.b4 Ke6
42.b5 Bc8b7
43.Kf3 a5
44.Nc3e2 d5
45.exd5 cxd5
46.Kg3 Kd6
47.Ne2c3 dxc4
48.dxc4 Kc5
49.Nc3b1 Kxc4
50.Nb1d2 Kb4
51.Nd2f1 Kxa4
52.Nf1e3 Kxb5
53.Ne3f5 a4
54.Nf5d6 Kc6
55.Nd6e4 a3
56.Ne4c3 b5
57.Nc3a2 Kc5
58.Kf2 Kc4
59.Ke3 Kb3
60.Na2c1 Kc2
61.Nc1a2 Kb2
62.Na2b4 a2
63.Nb4xa2 Kxa2
64.Kd3 b4
65.Kc2 b3
{ abandon }0-1

[Event "Tournoi n27417"]
[Site "www.echecsemail.com"]
[Date "2026.01.24"]
[Round "1"]
[White "Vvvv"]
[Black "Tiounet"]
[WhiteElo "1700"]
[BlackElo "1570"]
[Result "1-0"]
1.e4 a6
2.d4 b5
3.c4 bxc4
4.Bf1xc4 e6
5.d5 Bc8b7
6.e5 Ng8e7
7.Bc1g5 Qd8c8
8.Ng1e2 Ne7xd5
9.O-O Nb8c6
10.Bc4xd5 exd5
11.Qd1xd5 Nc6b4
12.Qd5d2 a5
13.Nb1c3 c5
14.a3 Nb4c6
15.f4 Bf8e7
16.Nc3e4 Be7xg5
17.Ne4d6 { abandon }1-0

[Event "Coupe Niveau 3"]
[Site "www.echecsemail.com"]
[Date "2026.01.24"]
[Round "1"]
[White "Patau"]
[Black "Nbelnico"]
[WhiteElo "1700"]
[BlackElo "1710"]
[Result "1-0"]
1.e4 e5
2.Ng1f3 d6
3.d4 exd4
4.Qd1xd4 a6
5.Nb1c3 h6
6.Bc1e3 Nb8c6
7.Qd4d2 Bc8e6
8.O-O-O Ng8f6
9.Bf1d3 Bf8e7
10.h3 O-O
11.a3 d5
12.exd5 Be6xd5
13.Be3xh6 Bd5xf3
14.gxf3 Nc6e5
15.Qd2g5 Ne5g6
16.Bd3xg6 gxh6
17.Qg5xh6 Qd8b8
18.Bg6f5 c6
19.Rh1g1 { abandon }1-0

[Event "Eq:Avalon-O fou d hello :"]
[Site "www.echecsemail.com"]
[Date "2026.01.24"]
[Round "1"]
[White "Jyfsk"]
[Black "Sierra117"]
[WhiteElo "1790"]
[BlackElo "1660"]
[Result "1/2-1/2"]
1.e4 e5
2.d4 exd4
3.Qd1xd4 c5
4.Qd4d1 d6
5.Bc1e3 b6
6.Ng1f3 Nb8c6
7.Bf1b5 Bc8b7
8.O-O Ng8f6
9.Nb1c3 a6
10.Bb5d3 Bf8e7
11.a3 O-O
12.Qd1d2 Kh8
13.Rf1e1 Nf6g8
14.Nc3d5 Ng8f6
15.Nd5xf6 Be7xf6
16.Ra1b1 Rf8e8
17.c3 g6
18.Bd3c4 Qd8c7
19.Bc4d5 Nc6e5
20.Nf3xe5 Bf6xe5
21.f4 Be5g7
22.Bd5xb7 Qc7xb7
23.Qd2xd6 Re8xe4
24.Rb1d1 Re4e8
25.Qd6d3 Qb7c7
26.Be3c1 Re8d8
27.Qd3f3 Rd8xd1
28.Re1xd1 Ra8d8
29.Rd1xd8 Qc7xd8
{ nul }1/2-1/2

[Event "Défi"]
[Site "www.echecsemail.com"]
[Date "2026.01.24"]
[Round "1"]
[White "Asvel69"]
[Black "Jenperlatete"]
[WhiteElo "1780"]
[BlackElo "1910"]
[Result "1-0"]
1.e4 e5
2.Ng1f3 Nb8c6
3.c3 d5
4.exd5 Qd8xd5
5.Bf1e2 Ng8f6
6.d3 e4
7.dxe4 Qd5xe4
8.Nb1d2 Qe4f5
9.O-O Bf8d6
10.Nd2c4 Bd6e7
11.Be2d3 Qf5d5
12.Nc4e3 Qd5d8
13.Qd1e2 O-O
14.Rf1d1 Qd8e8
15.h3 Nf6h5
16.Ne3d5 Be7d6
17.Nf3d4 Nc6xd4
18.Qe2xh5 g6
19.Nd5f6 Kg7
20.Nf6xe8 Rf8xe8
21.Qh5h6 Kg8
22.cxd4 Bd6f8
23.Qh6d2 Bc8d7
24.b3 Bd7c6
25.Bd3c4 b5
26.Bc4xf7 Kxf7
27.Qd2f4 Kg8
28.d5 Bf8d6
29.Qf4h6 Bd6e5
30.Ra1b1 Be5g7
31.Qh6d2 Ra8d8
32.Qd2g5 Rd8d6
33.Bc1b2 Bg7xb2
34.Rb1xb2 Bc6d7
35.Rb2d2 Re8f8
36.Qg5e3 a5
37.Qe3a7 Bd7c8
38.Qa7xc7 Rd6d7
39.Qc7xa5 Rd7d6
40.Qa5xb5 Bc8d7
41.Qb5c5 Rd6f6
42.a4 Rf8c8
43.Qc5e7 Rf6f7
44.Qe7e3 Rc8e8
45.Qe3h6 Bd7c8
46.d6 Bc8d7
47.a5 Re8a8
48.b4 Ra8b8
49.Rd2d4 Rb8b5
50.a6 Rb5h5
51.Qh6e3 Rf7f8
52.Rd4d5 Rh5h4
53.Rd1d4 Bd7c6
54.Qe3e6 Kh8
55.Rd4xh4 { abandon }1-0

[Event "Amical( 10J+24H/c 10J Max )"]
[Site "www.echecsemail.com"]
[Date "2026.01.24"]
[Round "1"]
[White "Woluwe1975"]
[Black "Patau"]
[WhiteElo "1640"]
[BlackElo "1730"]
[Result "1/2-1/2"]
1.e4 e5
2.Nb1c3 Ng8f6
3.f4 exf4
4.e5 Nf6g8
5.Ng1f3 d5
6.d4 Bf8b4
7.Bc1xf4 Nb8c6
8.Qd1d3 Ng8e7
9.a3 Bb4xc3
10.Qd3xc3 Bc8f5
11.Bf1e2 O-O
12.O-O-O Bf5e4
13.Kb1 Ne7f5
14.Rh1f1 Nc6e7
15.g4 Be4xf3
16.Rf1xf3 Nf5h4
17.Rf3h3 Ne7g6
18.Bf4g3 f5
19.Bg3xh4 Ng6xh4
20.gxf5 Rf8xf5
21.Be2g4 Rf5f4
22.Bg4e6 Kh8
23.Rd1d2 Rf4f1
24.Ka2 c6
25.Qc3g3 Nh4f5
26.Be6xf5 Rf1xf5
27.Rd2g2 Qd8e7
28.Rh3h4 Ra8f8
29.Qg3h3 g6
30.Rg2xg6 Rf5f3
31.Rg6g3 Rf3xg3
32.hxg3 Qe7f7
33.e6 Qf7e7
34.Rh4h5 Rf8g8
35.Qh3f5 Rg8xg3
36.Qf5e5 Rg3g7
37.Qe5b8 Rg7g8
38.Qb8e5 Rg8g7
39.Qe5b8 { nul }1/2-1/2

[Event "Coupe Niveau 2"]
[Site "www.echecsemail.com"]
[Date "2026.01.24"]
[Round "1"]
[White "Woluwe1975"]
[Black "Nbelnico"]
[WhiteElo "1640"]
[BlackElo "1710"]
[Result "0-1"]
1.d4 d5
2.Ng1f3 Bc8f5
3.Nb1d2 e6
4.e3 a6
5.c3 Nb8c6
6.Bf1e2 Bf8d6
7.Qd1a4 Ng8e7
8.O-O O-O
9.Rf1e1 e5
10.dxe5 Nc6xe5
11.Nf3xe5 Bd6xe5
12.f4 Be5d6
13.Nd2f3 Bf5d7
14.Qa4d1 Ne7f5
15.Be2d3 Qd8f6
16.e4 dxe4
17.Bd3xe4 c6
18.Qd1c2 b5
19.a4 b4
20.a5 bxc3
21.bxc3 Nf5h4
22.Be4xh7 Kh8
23.Nf3xh4 Qf6xh4
24.Bh7f5 Qh4xe1
0-1

[Event "Coupe Niveau 3"]
[Site "www.echecsemail.com"]
[Date "2026.01.24"]
[Round "1"]
[White "Patau"]
[Black "Djayphil"]
[WhiteElo "1710"]
[BlackElo "1970"]
[Result "0-1"]
1.e4 e5
2.Ng1f3 Nb8c6
3.c3 d5
4.exd5 Qd8xd5
5.d4 Bc8f5
6.dxe5 Qd5xd1
7.Kxd1 O-O-O
8.Bc1d2 Bf8c5
9.Ke2 Bf5d3
10.Ke1 Bd3xf1
11.Rh1xf1 h6
12.Bd2f4 Ng8e7
13.Nb1d2 Ne7g6
14.Bf4g3 Rh8e8
15.Nd2e4 Bc5b6
16.Ra1d1 Rd8xd1
17.Kxd1 Ng6xe5
18.Nf3xe5 Nc6xe5
19.Rf1e1 Re8d8
20.Kc2 f6
21.Re1d1 Rd8xd1
22.Kxd1 Ne5d3
23.b4 f5
24.Ne4c5 Bb6xc5
25.bxc5 f4
26.Kd2 fxg3
27.hxg3 Nd3xc5
28.Ke3 Kd7
29.f4 Kd6
30.g4 b5
31.g5 hxg5
32.fxg5 Ke5
33.g4 g6
34.a3 Nc5e4
{ abandon }0-1

[Event "Coupe Niveau 2"]
[Site "www.echecsemail.com"]
[Date "2026.01.24"]
[Round "1"]
[White "Legrillon"]
[Black "Patau"]
[WhiteElo "1740"]
[BlackElo "1700"]
[Result "1-0"]
1.e4 e5
2.Ng1f3 Ng8f6
3.d3 Nb8c6
4.h3 d5
5.exd5 Qd8xd5
6.Nb1c3 Bf8b4
7.Bc1d2 Bb4xc3
8.Bd2xc3 O-O
9.Bf1e2 Nc6d4
10.Bc3xd4 exd4
11.O-O Bc8d7
12.c4 dxc3
13.bxc3 Bd7f5
14.Nf3d4 Rf8e8
15.Be2f3 Qd5d7
16.Bf3xb7 Nf6d5
17.Bb7xa8 Re8xa8
18.Rf1e1 Nd5xc3
19.Qd1h5 Bf5g6
20.Qh5g4 Qd7xg4
21.hxg4 Ra8d8
22.Nd4f5 Bg6xf5
23.gxf5 Kf8
24.Re1e3 Nc3d5
25.Re3h3 Nd5f6
26.Ra1c1 Rd8xd3
27.Rh3xd3 { abandon }1-0

[Event "Défi"]
[Site "www.echecsemail.com"]
[Date "2026.01.24"]
[Round "1"]
[White "Arno"]
[Black "Roquefort"]
[WhiteElo "1770"]
[BlackElo "1850"]
[Result "0-1"]
1.d4 Ng8f6
2.Bc1f4 c5
3.e3 cxd4
4.exd4 Nb8c6
5.c3 d6
6.Ng1f3 Bc8g4
7.Nb1d2 e6
8.Qd1b3 Qd8d7
9.Bf1d3 Bf8e7
10.O-O O-O
11.h3 Bg4h5
12.Nf3g5 Nf6d5
13.Bd3xh7 Kh8
14.Bf4e3 Nd5xe3
15.fxe3 Be7xg5
16.Bh7c2 b6
17.c4 Nc6a5
18.Qb3c3 Ra8c8
19.g4 Bh5g6
20.Bc2xg6 fxg6
21.Qc3d3 Na5c6
22.Nd2f3 Qd7e7
23.a3 Nc6a5
24.Qd3xg6 Bg5xe3
25.Kh1 Qe7f6
26.Qg6e4 Na5xc4
27.b3 d5
28.Qe4d3 Qf6h6
29.bxc4 Qh6xh3
30.Nf3h2 dxc4
31.Rf1xf8 Rc8xf8
32.Ra1e1 cxd3
{ abandon }0-1

[Event "Tournoi n27358"]
[Site "www.echecsemail.com"]
[Date "2026.01.24"]
[Round "1"]
[White "Chessmat"]
[Black "Jlr"]
[WhiteElo "1299"]
[BlackElo "1360"]
[Result "1-0"]
1.e4 e5
2.Bf1c4 Ng8f6
3.d3 h6
4.a3 Bf8c5
5.Bc1e3 Qd8e7
6.Nb1c3 Bc5xe3
7.fxe3 a6
8.Bc4a2 g5
9.Ng1f3 b5
10.O-O g4
11.Nf3h4 Bc8b7
12.Nh4f5 Qe7f8
13.Nf5g3 h5
14.Rf1xf6 d5
15.Nc3xd5 Bb7xd5
16.Ba2xd5 Qf8e7
17.Rf6xf7 Qe7xf7
18.Bd5xf7 Kxf7
19.Ng3f5 Kf6
20.Qd1e1 Nb8d7
21.Qe1b4 c5
22.Qb4a5 c4
23.Qa5c7 Rh8d8
24.Qc7d6 Kg5
25.Qd6h6 1-0

[Event "Eq:Les Gens du Sud-modesty :"]
[Site "www.echecsemail.com"]
[Date "2026.01.25"]
[Round "1"]
[White "Rachess"]
[Black "Thierry7ardeche"]
[WhiteElo "1530"]
[BlackElo "2100"]
[Result "0-1"]
1.e4 d6
2.d4 Ng8f6
3.Ng1f3 Bc8g4
4.Nb1d2 c6
5.Bf1d3 e6
6.c3 d5
7.e5 Nf6d7
8.h3 Bg4h5
9.g4 Bh5g6
10.Nd2f1 c5
11.Bc1g5 Bf8e7
12.h4 cxd4
13.cxd4 Nb8c6
14.a3 Nc6xd4
15.Nf3xd4 Be7xg5
16.hxg5 Bg6xd3
17.Qd1xd3 Qd8xg5
18.Nf1e3 Qg5xe5
19.Rh1h5 Qe5f4
20.Ke2 Ke7
21.Rh5xd5 Nd7b6
22.Rd5c5 Ra8d8
 { temps }0-1

[Event "Défi"]
[Site "www.echecsemail.com"]
[Date "2026.01.25"]
[Round "1"]
[White "Fredbauduret"]
[Black "Leredoutable"]
[WhiteElo "1980"]
[BlackElo "1750"]
[Result "1-0"]
1.d4 d5
2.c4 e6
3.Nb1c3 Bf8b4
4.Qd1c2 Ng8f6
5.a3 Bb4e7
6.Bc1f4 Nb8c6
7.e3 O-O
8.Ng1f3 Be7d6
9.Bf4xd6 cxd6
10.cxd5 exd5
11.Bf1e2 Bc8e6
12.O-O a6
13.Rf1e1 b5
14.Nc3xb5 Ra8c8
15.Nb5c3 Nf6e4
16.Be2d3 Qd8f6
17.Bd3xe4 dxe4
18.Qc2xe4 Rf8e8
19.Qe4h4 Nc6e7
20.Qh4xf6 gxf6
21.Nc3e4 Be6g4
22.Ne4xf6 Kg7
23.Nf6xg4 Ne7f5
24.Ra1c1 Rc8d8
25.Rc1c7 h5
26.Ng4e5 dxe5
27.Nf3xe5 Nf5e7
28.Re1c1 Kf6
29.Ne5c6 Ne7xc6
30.Rc1xc6 Kg7
31.g3 Rd8a8
32.d5 a5
33.d6 Re8d8
34.d7 f5
35.Rc6d6 Kf7
36.Rd6h6 Kg7
37.Rh6xh5 Ra8a6
38.Rh5xf5 { abandon }1-0

[Event "Tetraktus 103"]
[Site "www.echecsemail.com"]
[Date "2026.01.25"]
[Round "1"]
[White "Kawa750"]
[Black "Intrigue"]
[WhiteElo "1750"]
[BlackElo "1760"]
[Result "0-1"]
1.e4 e5
2.Ng1f3 Nb8c6
3.Nb1c3 Ng8f6
4.d4 exd4
5.Nf3xd4 d6
6.Bc1g5 Bf8e7
7.Nd4xc6 bxc6
8.Bf1d3 Bc8e6
9.O-O h6
10.Bg5h4 O-O
11.h3 Ra8b8
12.Rf1e1 Rb8xb2
13.Ra1b1 Rb2xb1
14.Qd1xb1 Qd8b8
15.Nc3e2 Qb8xb1
16.Re1xb1 Be6xa2
17.Rb1b7 Rf8a8
18.Rb7xc7 Kf8
 { temps }0-1

[Event "La Diagonale du fou 8"]
[Site "www.echecsemail.com"]
[Date "2026.01.25"]
[Round "1"]
[White "Blackbishop"]
[Black "Filosofia"]
[WhiteElo "1820"]
[BlackElo "2060"]
[Result "1-0"]
1.e4 c6
2.d4 d5
3.Bf1d3 dxe4
4.Bd3e2 Bc8f5
5.Bc1e3 Ng8f6
6.Nb1c3 e6
7.Qd1d2 Bf8d6
8.f3 O-O
9.O-O-O Nb8d7
10.Be3g5 Qd8a5
11.fxe4 Nf6xe4
12.Qd2e3 Ne4xc3
13.Qe3xc3 Qa5xc3
14.bxc3 Bd6a3
15.Kd2 Rf8c8
16.h4 c5
17.Bg5e3 c4
18.Rd1b1 b6
19.Be2f3 e5
20.Bf3xa8 Rc8xa8
21.Ng1f3 Ra8e8
22.Rb1b5 Ba3d6
23.Rb5d5 Bd6c7
24.Rh1f1 Nd7f6
25.Rd5b5 Nf6e4
26.Kc1 Ne4xc3
27.Rb5b4 Nc3xa2
28.Kd2 Na2xb4
29.dxe5 Bc7xe5
30.Nf3g5  { temps }1-0

[Event "Défi"]
[Site "www.echecsemail.com"]
[Date "2026.01.25"]
[Round "1"]
[White "Superman"]
[Black "Kawa750"]
[WhiteElo "1760"]
[BlackElo "1800"]
[Result "1-0"]
1.e4 c5
2.Ng1f3 e6
3.c3 Nb8c6
4.d4 cxd4
5.cxd4 d5
6.Bf1b5 a6
7.Bb5a4 Bf8b4
8.Nb1c3 dxe4
9.Ba4xc6 bxc6
10.Nf3e5 Bb4xc3
11.bxc3 Ng8f6
12.Bc1a3  { temps }1-0

[Event "Défi"]
[Site "www.echecsemail.com"]
[Date "2026.01.25"]
[Round "1"]
[White "U27940"]
[Black "Khamis"]
[WhiteElo "2080"]
[BlackElo "1920"]
[Result "1-0"]
1.d4 d5
2.g3 Ng8f6
3.Bf1g2 Bc8f5
4.e3 e6
5.Ng1e2 c5
6.c4 Nb8c6
7.cxd5 exd5
8.a3 Bf8e7
9.Nb1c3 O-O
10.Bc1d2 Qd8d7
11.Ra1c1 Bf5h3
12.O-O Bh3xg2
13.Kxg2 a6
14.dxc5 Be7xc5
15.b4 Bc5a7
16.Nc3a4 Ra8c8
17.Na4c5 Ba7xc5
18.Rc1xc5 Nf6e4
19.Rc5c1 Rc8d8
20.Bd2c3 Nc6e7
21.Qd1d4 f6
22.Bc3b2 Ne7f5
23.Qd4d3 Rf8e8
24.Rf1d1 Nf5h6
25.Ne2f4 Ne4xf2
26.Kxf2 Nh6g4
27.Kg1 Ng4xe3
28.Rd1e1 Ne3c4
29.Re1xe8 Qd7xe8
30.Bb2a1 Qe8e3
31.Qd3xe3 Nc4xe3
32.Nf4e6 Rd8d7
33.Ne6c5 Rd7e7
34.Rc1e1 Ne3f5
35.Re1xe7 Nf5xe7
36.Nc5xb7 Ne7c6
37.Nb7c5 Nc6b8
38.Kf2 Kf7
39.Ke3 Ke7
40.Kd4 Kd6
41.Ba1c3 Nb8c6
42.Kd3 Nc6b8
43.Bc3d2 g5
44.g4 Kc6
45.Bd2e1 Kb5
46.Be1c3 a5
47.Kd4 axb4
48.axb4 Kc6
49.Kd3 Kd6
50.Bc3xf6 Nb8c6
51.Kc3 Nc6e5
52.Bf6xe5 Kxe5
53.b5 Kd6
54.Kd4 { abandon }1-0

[Event "Tetraktus 103"]
[Site "www.echecsemail.com"]
[Date "2026.01.25"]
[Round "1"]
[White "Orosco"]
[Black "Kawa750"]
[WhiteElo "2200"]
[BlackElo "1750"]
[Result "1-0"]
1.e4 c5
2.Ng1f3 Nb8c6
3.d4 cxd4
4.Nf3xd4 e6
5.Nb1c3 Bf8b4
6.Nd4xc6 Bb4xc3
7.bxc3 bxc6
8.Qd1d6 Ng8e7
9.Bf1c4 O-O
10.O-O a5
11.Ra1b1 Bc8a6
12.Bc4xa6 Ra8xa6
13.Rb1b7 Ne7c8
14.Qd6g3 Kh8
15.Bc1e3 d5
16.Be3d4 Rf8g8
17.exd5 cxd5
18.Rb7xf7 Ra6a7
19.Bd4xg7  { temps }1-0

[Event "Tetraktus 103"]
[Site "www.echecsemail.com"]
[Date "2026.01.25"]
[Round "1"]
[White "Kawa750"]
[Black "Connecticcut"]
[WhiteElo "1750"]
[BlackElo "1910"]
[Result "0-1"]
1.e4 e5
2.Nb1c3 Ng8f6
3.Ng1f3 d5
4.exd5 Nf6xd5
5.Nc3xd5 Qd8xd5
6.b3 e4
7.Nf3g1 Bf8c5
8.Bf1c4 Qd5f5
9.Qd1e2 O-O
10.Bc1b2 Bc8e6
11.O-O-O Nb8d7
12.h3 Be6xc4
13.bxc4 Qf5xf2
14.Qe2xe4 Ra8e8
15.Qe4g4 g6
 { temps }0-1

[Event "Tetraktus 103"]
[Site "www.echecsemail.com"]
[Date "2026.01.25"]
[Round "1"]
[White "Kawa750"]
[Black "Pgo"]
[WhiteElo "1750"]
[BlackElo "1740"]
[Result "0-1"]
1.e4 e5
2.Nb1c3 Bf8b4
3.a3 Bb4xc3
4.dxc3 Ng8f6
5.Bf1d3 d6
6.Bc1g5 Nb8c6
7.Ng1f3 h6
8.Bg5h4 Bc8g4
9.h3 Bg4h5
10.g4 Bh5g6
11.O-O a6
12.Bd3c4 Nc6a5
13.Bc4a2 Bg6xe4
14.Nf3d2 g5
15.Nd2xe4 Nf6xe4
16.Bh4g3 c5
 { temps }0-1

[Event "Tetraktus 103"]
[Site "www.echecsemail.com"]
[Date "2026.01.25"]
[Round "1"]
[White "Skalfa"]
[Black "Kawa750"]
[WhiteElo "1820"]
[BlackElo "1750"]
[Result "1-0"]
1.e4 c5
2.Ng1f3 e6
3.Nb1c3 Nb8c6
4.a3 Ng8f6
5.Bf1e2 d5
6.d3 dxe4
7.Nc3xe4 Bf8e7
8.O-O O-O
9.Bc1d2 Nc6d4
10.Nf3xd4  { temps }1-0

[Event "Eq:modesty-Royal Kids :"]
[Site "www.echecsemail.com"]
[Date "2026.01.25"]
[Round "1"]
[White "Thierry7ardeche"]
[Black "Uliczny"]
[WhiteElo "2090"]
[BlackElo "1700"]
[Result "1-0"]
1.e4 e5
2.Bf1c4 Ng8f6
3.d4 exd4
4.Ng1f3 Bf8c5
5.O-O O-O
6.e5 d5
7.exd6 Qd8xd6
8.Qd1d3 Nb8c6
9.a3 Bc8g4
10.Nb1d2 Rf8e8
11.b4 Bc5b6
12.Nf3g5 Bg4h5
13.Nd2e4  { temps }1-0

[Event "Défi"]
[Site "www.echecsemail.com"]
[Date "2026.01.25"]
[Round "1"]
[White "Felicio"]
[Black "Sarkus"]
[WhiteElo "1920"]
[BlackElo "2020"]
[Result "0-1"]
1.e4 e5
2.Ng1f3 Nb8c6
3.Bf1c4 Ng8f6
4.Nb1c3 Nf6xe4
5.Bc4xf7 Kxf7
6.Nc3xe4 d5
7.Ne4g3 e4
8.Nf3g1 g6
9.c3 Bf8g7
10.d4 exd3
11.Qd1xd3 Rh8e8
12.Ng1e2 Nc6e5
13.Qd3d1 Kg8
14.Qd1c2 c5
15.Bc1e3 b6
16.O-O-O Ne5g4
17.Qc2d2 Ng4xe3
18.fxe3 Bc8b7
19.Rh1e1 Bg7h6
20.Ne2f4 Re8e5
21.Kb1 Qd8d7
22.Ng3f1 Ra8e8
23.g3 g5
24.Nf4g2 Bh6g7
25.Ka1 h6
26.Qd2f2 Re5f5
27.Qf2g1 d4
28.exd4 Re8xe1
29.Rd1xe1 cxd4
30.Re1d1 Qd7a4
31.Nf1d2 dxc3
32.bxc3 Bg7xc3
33.Kb1 Rf5b5
 { temps }0-1

[Event "ZGOUGOU"]
[Site "www.echecsemail.com"]
[Date "2026.01.25"]
[Round "1"]
[White "Mindthegap"]
[Black "Kawa750"]
[WhiteElo "1440"]
[BlackElo "1740"]
[Result "1-0"]
1.e4 e5
2.Ng1f3 Nb8c6
3.Nb1c3 Ng8f6
4.Bf1c4 Bf8c5
5.h3 Nc6d4
6.Nf3xd4 Bc5xd4
7.Nc3e2  { temps }1-0

[Event "ZGOUGOU"]
[Site "www.echecsemail.com"]
[Date "2026.01.25"]
[Round "1"]
[White "Kawa750"]
[Black "Mindthegap"]
[WhiteElo "1740"]
[BlackElo "1440"]
[Result "0-1"]
1.e4 e5
2.Ng1f3 Nb8c6
3.Nb1c3 Ng8f6
4.Bf1c4 Nf6xe4
5.d3 Ne4xc3
6.bxc3 h6
7.O-O d6
8.a3 Bc8g4
9.h3 Bg4h5
 { temps }0-1

[Event "ZGOUGOU"]
[Site "www.echecsemail.com"]
[Date "2026.01.25"]
[Round "1"]
[White "4x4"]
[Black "Kawa750"]
[WhiteElo "1480"]
[BlackElo "1740"]
[Result "1-0"]
1.e4 e5
2.Ng1f3 Nb8c6
3.Nb1c3 Ng8f6
4.Bf1c4 Bf8c5
5.Nf3g5 O-O
6.d3 Nc6e7
7.Nc3d5 Nf6xd5
8.exd5 d6
9.Bc1e3 Bc5xe3
10.fxe3  { temps }1-0

[Event "ZGOUGOU"]
[Site "www.echecsemail.com"]
[Date "2026.01.25"]
[Round "1"]
[White "Kawa750"]
[Black "4x4"]
[WhiteElo "1740"]
[BlackElo "1480"]
[Result "0-1"]
1.e4 e5
2.Ng1f3 Nb8c6
3.Nb1c3 Ng8f6
4.Bf1c4 d6
5.O-O Bc8e6
6.Bc4b3 Qd8d7
7.d3 O-O-O
8.Bc1g5 h6
9.Bg5h4 g5
10.Bh4g3 Nf6h5
11.Bb3xe6 fxe6
 { temps }0-1

[Event "ZGOUGOU"]
[Site "www.echecsemail.com"]
[Date "2026.01.25"]
[Round "1"]
[White "Kawa750"]
[Black "Legrillon"]
[WhiteElo "1740"]
[BlackElo "1740"]
[Result "0-1"]
1.e4 e5
2.Ng1f3 Nb8c6
3.Nb1c3 Ng8f6
4.Bf1c4 Nf6xe4
5.d3 Ne4xc3
6.bxc3 d5
7.Bc4b5 Bc8d7
8.O-O Bf8d6
9.Bc1g5 f6
10.Bg5e3 Nc6a5
 { temps }0-1

[Event "ZGOUGOU"]
[Site "www.echecsemail.com"]
[Date "2026.01.25"]
[Round "1"]
[White "Kawa750"]
[Black "Intrigue"]
[WhiteElo "1740"]
[BlackElo "1760"]
[Result "0-1"]
1.e4 e5
2.Ng1f3 Nb8c6
3.Nb1c3 Ng8f6
4.Bf1c4 Bf8c5
5.d3 O-O
6.O-O h6
7.Nc3d5 Nf6xd5
8.Bc4xd5 Qd8f6
9.Bc1e3 Bc5xe3
10.fxe3 Nc6b4
11.Bd5b3 a5
 { temps }0-1

[Event "Tetraktus 103"]
[Site "www.echecsemail.com"]
[Date "2026.01.25"]
[Round "1"]
[White "Alain64"]
[Black "Kawa750"]
[WhiteElo "2080"]
[BlackElo "1750"]
[Result "1-0"]
1.b3 e5
2.Bc1b2 Ng8f6
3.Bb2xe5 Nb8c6
4.Be5b2 b6
5.Ng1f3 Bc8b7
6.e3 Bf8d6
7.d4 O-O
8.c4 Bd6b4
9.Nb1d2 d5
10.Bf1e2 Rf8e8
11.O-O Nc6e7
12.a3 Bb4d6
13.b4 Ne7g6
14.cxd5 Bb7xd5
15.Be2d3 Nf6e4
16.Bd3xe4 Bd5xe4
17.Nd2xe4 Re8xe4
18.Qd1d3 Re4e8
19.e4 c5
20.bxc5 Bd6xc5
21.Ra1d1 Bc5f8
22.Rf1e1 Ng6f4
23.Qd3d2 Nf4e6
24.d5 Ne6c5
25.e5 Nc5b7
26.Nf3g5 Bf8c5
27.Qd2f4 Qd8c7
28.Qf4e4  { temps }1-0

[Event "Tetraktus 103"]
[Site "www.echecsemail.com"]
[Date "2026.01.25"]
[Round "1"]
[White "Bertelsen"]
[Black "Kawa750"]
[WhiteElo "1730"]
[BlackElo "1750"]
[Result "1-0"]
1.e4 c5
2.Ng1f3 Nb8c6
3.Bf1b5 a6
4.Bb5xc6 dxc6
5.Nb1c3 Ng8f6
6.d3 Bc8g4
7.h3 Bg4h5
8.g4 Bh5g6
9.Bc1e3 h5
10.g5 Nf6d7
11.h4 e5
12.Qd1d2 Qd8c7
13.O-O-O O-O-O
14.Nc3a4 Bf8e7
15.b3 b5
16.Na4b2 Nd7b6
17.Qd2c3 f6
18.Be3xc5 Be7d6
19.Rh1e1 Bd6xc5
20.Qc3xc5 Kb7
21.Rd1d2 Bg6f7
22.Re1d1 Nb6c8
23.d4 Bf7g6
24.Rd1e1 exd4
25.Nf3xd4  { temps }1-0

[Event "Défi( 10J+24H/c 10J Max )"]
[Site "www.echecsemail.com"]
[Date "2026.01.25"]
[Round "1"]
[White "Anumisme"]
[Black "Marcol"]
[WhiteElo "1230"]
[BlackElo "1010"]
[Result "1-0"]
1.d4 d5
2.Nb1c3 Nb8c6
3.f3 Bc8f5
4.a3 b5
5.Bc1f4 b4
6.Nc3b5 a6
7.Nb5xc7 Kd7
8.Nc7xa8 Qd8xa8
9.c3 bxc3
10.bxc3 h5
11.e3 h4
12.Bf1d3 Bf5xd3
13.Qd1xd3 e5
14.dxe5 f6
15.Qd3xd5 Kc7
16.exf6 Kb6
17.Ra1b1 Ka7
18.h3 Qa8c8
19.Qd5f7 Bf8e7
20.fxe7 Nc6xe7
21.Bf4d6 Qc8xc3
22.Kd1 Rh8h6
23.Bd6xe7 Rh6c6
24.Be7b4 Ng8e7
25.Qf7xe7 Kb8
26.Bb4xc3 Kc8
27.Bc3a5 Rc6c3
28.Qe7b7 1-0

[Event "Défi"]
[Site "www.echecsemail.com"]
[Date "2026.01.25"]
[Round "1"]
[White "Regor"]
[Black "Lancov"]
[WhiteElo "1980"]
[BlackElo "1930"]
[Result "1-0"]
1.d4 d6
2.e4 Ng8f6
3.f3 g6
4.Bf1b5 c6
5.Bb5a4 Bf8g7
6.Ng1e2 b5
7.Ba4b3 a5
8.a3 a4
9.Bb3a2 O-O
10.c3 d5
11.e5 Nf6d7
12.O-O e6
13.Bc1f4 Nd7b6
14.Nb1d2 Nb8d7
15.h3 f6
16.exf6 Nd7xf6
17.Bf4h2 Nb6d7
18.Ne2f4 Rf8e8
19.Rf1e1 Nd7f8
20.Nf4d3 Nf8d7
21.Nd3b4 Bc8b7
22.Ba2b1 c5
23.dxc5 Nd7xc5
24.Bb1c2 Qd8b6
25.Kh1 Ra8d8
26.Bh2g1 Qb6d6
27.Nd2f1 Nf6h5
28.Qd1d2 Nh5f4
29.Bg1xc5 Qd6c7
30.Bc5e3 e5
31.Be3xf4 exf4
32.Re1xe8 Rd8xe8
33.Nb4xd5 Qc7d6
34.Bc2e4 Bb7c6
35.Ra1d1 Re8d8
36.Nd5f6 Qd6xf6
37.Qd2xd8 { abandon }1-0

[Event "Eq:Les Gens du Sud-Avalon :"]
[Site "www.echecsemail.com"]
[Date "2026.01.25"]
[Round "1"]
[White "Sorim"]
[Black "Biquet"]
[WhiteElo "2040"]
[BlackElo "1870"]
[Result "1-0"]
1.d4 d5
2.Nb1c3 Ng8f6
3.f4 e6
4.Ng1f3 Bf8b4
5.Bc1d2 c6
6.e3 Nb8d7
7.Bf1d3 Nd7b6
8.O-O Nb6c4
9.Qd1c1 Nc4xd2
10.Qc1xd2 h6
11.Nf3e5 Nf6d7
12.f5 Nd7xe5
13.dxe5 d4
14.exd4 Qd8xd4
15.Kh1 Qd4xe5
16.fxe6 Bc8xe6
17.Ra1e1 Qe5h5
18.Qd2f2 O-O
19.Qf2f4 Ra8d8
20.a3 Bb4d6
21.Bd3e2 Qh5xe2
22.Re1xe2 Bd6xf4
23.Rf1xf4 g5
24.Rf4a4 a6
25.h4 g4
26.Ra4f4 Kh7
27.Kg1 h5
28.Re2e5 Rf8h8
29.Re5xh5 Kg7
30.Rh5g5 Kf8
31.g3 Rh8g8
32.Nc3e4 Ke7
33.Rg5xg8 Rd8xg8
34.Ne4c5 Be6c8
35.Rf4e4 Kd6
36.b4 f5
37.Re4e1 Kd5
38.Nc5a4 Kd4
39.Kf2 b5
40.Re1d1 Ke5
41.Na4c5 Rg8f8
42.c3 f4
43.Nc5d3 Ke4
44.Nd3xf4 Ke5
45.Kg2 Bc8b7
46.Nf4g6 Kf6
47.Ng6xf8 c5
48.Kf2 Bb7f3
49.Rd1d3 Bf3e4
50.Nf8d7 Ke7
51.Rd3e3 Kxd7
52.Re3xe4 { abandon }1-0

[Event "Défi"]
[Site "www.echecsemail.com"]
[Date "2026.01.25"]
[Round "1"]
[White "Kawa750"]
[Black "Dameroi"]
[WhiteElo "1810"]
[BlackElo "1820"]
[Result "0-1"]
1.d4 Ng8f6
2.c4 c5
3.Nb1c3 cxd4
4.Qd1xd4 Nb8c6
5.Qd4e3 e6
6.Ng1f3 Bf8e7
7.g3 d5
8.cxd5 Nf6xd5
9.Nc3xd5 Qd8xd5
10.Bc1d2 Be7c5
11.Qe3g5 Qd5xg5
12.Bd2xg5 f6
13.Bg5e3 Bc5xe3
14.fxe3 Ke7
15.Bf1g2 Rh8d8
16.Kf2 Bc8d7
17.Rh1d1 Ra8c8
18.Nf3d4 Nc6xd4
19.Rd1xd4 Bd7c6
20.Bg2xc6 Rc8xc6
21.b3 Rd8xd4
22.exd4 Kd6
23.h4 Kd5
24.e3 Ke4
 { temps }0-1